000
00319nam a2200133Ia 4500
008
150301s2015 xx 000 0 und d
082
_a
614.1
_b
T08S
100
_a
SHARMA, R.A
245
_a
TECHNOLOGY FORNDATION OF EDUCATION
260
_b
SARYA PUB DELHI
300
_a
792
650
_a
PHARMACEUTICS
942
_2
ddc
_c
BK
999
_c
7368
_d
7368